000 00757nam a2200217 a 4500
001 BRCA_2247
005 20190320203729.0
008 980211s1997----mx-a---##b---#000-0#spa-u
020 _a9681653912
040 _aDLC
_cDLC
_dDLC
050 4 _aNA750
_b.H57 1997
245 1 0 _aHistoria de la arquitectura y el urbanismo mexicanos
_ccoordinador Carlos Chanfón Olmos.
260 _aMéxico
_bFCE : UNAM
_c1997
300 _a452 p.
_bil. (algunas a color)
_c31 cm.
504 _aBibliografía : p. 449-452
505 0 _aContenido : v. 2. El período virreinal : tomo 1. El encuentro de dos universos culturales
650 1 4 _aArquitectura
_zMéxico
_9596
650 1 4 _aUrbanismo
_zMéxico
_95191
700 1 _aChanfón Olmos, Carlos
_d1928-
_96746
942 _2lcc
_cB
999 _c1996
_d1996